| 000 | 01131nam a2200289 4500 | ||
|---|---|---|---|
| 040 | _cNSHS | ||
| 082 |
_a297.14 _bULL |
||
| 100 | 1 |
_aUllāh, Muḥammad Ḥamīd _9130245 |
|
| 245 | 1 |
_aRasūl Allāh ba-ḥais̱iyat shārai wa muqannin / _cMuḥammad Ḥamīd Ullāh ; taḥqīq o taḥshīyah Shaykh ʻAbd al-Mājid, Maḥmūd Aḥmad Ghāzī, Muḥammad Yūsuf Fārūqī. |
|
| 246 | _aRasul Allah ba-haisiyat sharai wa muqannin | ||
| 246 | _aRasool Ullah ba-haisiat sharai wa muqannin | ||
| 246 | _aRasolullah bahaisiat sharai wa muqannin | ||
| 260 |
_aIslāmābād : _bSharīʻah Akādamī; _c2005 |
||
| 300 | _a99 pages. | ||
| 500 | _aDC010725 | ||
| 500 | _aReligion | ||
| 546 | _aIn Urdu | ||
| 600 |
_a Muhammad (Peace be Upon Him), Prophet _9129607 |
||
| 650 | 0 |
_aIslamic law _xProphetic role _9130246 |
|
| 650 | 0 |
_aIslamic law _9130018 _xHistory |
|
| 650 | 0 |
_aLaw _xIslamic influences _9130247 |
|
| 700 | 1 |
_aMājid, Shaykh ʻAbdul _9130248 |
|
| 700 | 1 |
_aGhāzī, Maḥmūd Aḥmad _9130249 |
|
| 700 | 1 |
_aFārūqī, Muḥammad Yūsuf _9130250 |
|
| 942 |
_2ddc _cBK |
||
| 999 |
_c614444 _d614444 |
||